| 000 | 01513nam0a2200313 4500 | ||
|---|---|---|---|
| 001 | RU\NLR\b_ik\142384 | ||
| 005 | 20250616225817.0 | ||
| 010 |
_a5-98455-019-9 _91000 |
||
| 035 | _a(NLR Aleph) 002215564 | ||
| 090 |
_a3228128 _c3228128 |
||
| 100 | _a20060216d2005 |||y0rusy50 ca | ||
| 101 | 0 |
_aeng _drus |
|
| 102 | _aRU | ||
| 105 | _aa ||||||||| | ||
| 200 | 1 |
_aA Global perspective as a vehicle for education _e[учебное пособие для студентов гуманитарных вузов] _fJ. Kolker, V. Kriuchkov, A. Liferov [et al.] |
|
| 210 |
_aМосква _cАзбуковник _d2005 |
||
| 215 |
_a333 с. _cил., цв. ил. _d30 |
||
| 300 | _aВ вып. дан.: Образование для будущего в глобальной перспективе / Колкер Я.М., Крючков В.А., Лиферов А.П. [и др.] | ||
| 300 | _aРез. на рус. яз. | ||
| 517 | 0 | _aОбразование для будущего в глобальной перспективе | |
| 606 | 1 |
_aАнглийский язык _jУчебные издания для высших учебных заведений _9972309 _3RU\NLR\AUTH\6646032 |
|
| 686 | 4 | _aШ143.21-93рус329.2/7 | |
| 701 | 1 |
_aKolker _bJ. M. _gJakov Moiseevič _4070 |
|
| 701 | 1 |
_aKrjučkov _bV. A. _gViktor Aleksandrovič _4070 |
|
| 701 | 1 |
_aLiferov _bA. P. _gAnatolij Petrovič _4070 |
|
| 801 | 0 |
_aRU _bNLR _c20060216 _gPSBO |
|
| 942 | _cBOOK | ||
| 980 | _aNB | ||